[Event "Niedersachsen-ch"]
[Site "Verden"]
[Date "2006.01.07"]
[Round "6"]
[White "Schultheiss, Christian"]
[Black "Raum, Sebastian"]
[Result "0-1"]
[WhiteElo "999"]
[BlackElo "1390"]
[PlyCount "48"]
[EventDate "2006.01.??"]
[EventType "swiss"]
[EventRounds "7"]
[EventCountry "GER"]
[SourceTitle "CBM 110 Extra"]
[Source "ChessBase"]
[SourceDate "2006.03.10"]
[SourceVersion "2"]
[SourceVersionDate "2006.03.10"]
[SourceQuality "1"]

1. e4 c5 2. Nf3 Nc6 3. d4 cxd4 4. Nxd4 Nf6 5. Nc3 e5 6. Ndb5 d6 7. Bg5 a6 8. Na3 b5 9. Nd5 Be6 10. Be2 Be7 11. Bxf6 Bxf6 12. 0-0 0-0 13. c4 b4 14. Nc2 a5 15. Nce3 Nd4 16. Rc1 Rc8 17. f4 exf4 18. Rxf4 Be5 19. Rf1 Qh4 20. g3 Qxe4 21. Ne7+ Kh8 22. N3d5 Bxd5 23. Nxd5 Nxe2+ 24. Qxe2 Qxe2 0-1

[Event "Niedersachsen-ch"]
[Site "Verden"]
[Date "2006.01.06"]
[Round "4"]
[White "Schultheiss, Christian"]
[Black "Weis, Hans Juergen"]
[Result "1/2-1/2"]
[WhiteElo "999"]
[BlackElo "1324"]
[PlyCount "50"]
[EventDate "2006.01.??"]
[EventType "swiss"]
[EventRounds "7"]
[EventCountry "GER"]
[SourceTitle "CBM 110 Extra"]
[Source "ChessBase"]
[SourceDate "2006.03.10"]
[SourceVersion "2"]
[SourceVersionDate "2006.03.10"]
[SourceQuality "1"]

1. e4 e5 2. Nf3 d6 3. Nc3 Nf6 4. Bc4 Be7 5. d4 exd4 6. Nxd4 Nc6 7. Bf4 Ne5 8. Bxe5 dxe5 9. Bb5+ Bd7 10. Bxd7+ Qxd7 11. Nf3 Bd6 12. Qe2 0-0 13. Rd1 Qe7 14. 0-0 c6 15. Rd3 Rfd8 16. Rfd1 Rd7 17. Nh4 g6 18. Rg3 Kh8 19. Rd2 Rad8 20. Rgd3 Bb4 21. Nf3 Rxd3 22. Rxd3 Rxd3 23. Qxd3 Bxc3 24. Qxc3 Qd6 25. Qd2 Qe7 1/2-1/2

[Event "Niedersachsen-ch"]
[Site "Verden"]
[Date "2006.01.05"]
[Round "2"]
[White "Schultheiss, Christian"]
[Black "Schneider, Waldemar"]
[Result "0-1"]
[WhiteElo "999"]
[BlackElo "1505"]
[PlyCount "64"]
[EventDate "2006.01.??"]
[EventType "swiss"]
[EventRounds "7"]
[EventCountry "GER"]
[SourceTitle "CBM 110 Extra"]
[Source "ChessBase"]
[SourceDate "2006.03.10"]
[SourceVersion "2"]
[SourceVersionDate "2006.03.10"]
[SourceQuality "1"]

1. e4 c5 2. Nf3 e6 3. b3 d6 4. Bb5+ Bd7 5. Nc3 Nf6 6. d3 Be7 7. 0-0 0-0 8. Re1 Qa5 9. Bxd7 Nfxd7 10. Bb2 Bf6 11. Qd2 Nc6 12. Na4 Qxd2 13. Nxd2 Bxb2 14. Nxb2 Nd4 15. Rac1 b5 16. c3 Nc6 17. Nf3 a5 18. d4 Nb6 19. Rcd1 Rfd8 20. Nd3 c4 21. Nb2 Ne7 22. e5 d5 23. bxc4 dxc4 24. Rb1 Nbd5 25. Nd1 Rdb8 26. Re2 Nc6 27. Reb2 b4 28. cxb4 c3 29. Rc2 Ncxb4 30. Rxc3 Nxc3 31. Nxc3 Nxa2 32. Rxb8+ Rxb8 0-1